| 000 | 01303nam a22002057a 4500 | ||
|---|---|---|---|
| 999 |
_c56962 _d56962 |
||
| 005 | 20251211122954.0 | ||
| 008 | s2551 th tha d | ||
| 040 | _aNALT | ||
| 041 | _atha | ||
| 090 |
_aKR 31 _bศ365ห 2551 |
||
| 110 | 2 |
_941257 _aสำนักงานศาลปกครอง. _bสำนักวิชาการและความร่วมมือระหว่างประเทศ |
|
| 245 | 1 | 0 |
_aหน้าที่ของหน่วยงานของรัฐ : _bการสนองตอบต่อสิทธิรับรู้ข้อมูลข่าวสารของประชาชนตามพระราชบัญญัติข้อมูลข่าวสารของราชการ พ.ศ. 2540. |
| 260 |
_aกรุงเทพฯ : _bสำนักงานศาลปกครอง, _c2551. |
||
| 300 |
_a214 หน้า ; _b _c21 ซม. |
||
| 650 | 4 |
_aข้อมูลข่าวสารของราชการ _910273 _xกฎหมายและระเบียบข้อบังคับ |
|
| 850 | _aNALT | ||
| 856 | 4 | 0 |
_uhttps://hdl.handle.net/20.500.14156/301967 _71 |
| 942 |
_cLB _021 _2local |
||
| 998 |
_j8 _k นายบัณฑิต อุทาวงค์ |
||